000 01074nam a2200277 a 4500
003 DO-SdBNP
005 20221020102834.0
007 ta
008 221020e2005 dr ||||fr|||| 00| 0 spa d
040 _aDO-SdBNP
_bspa
_cBNPHU
082 4 _222
_bP953c
245 0 0 _a1er congreso mundial de alfabetización:
_bdeclaración de la Habana.
_cPresentación, María Hortensia de la Cruz
246 _aPrimer congreso mundial de alfabetización:
_bdeclaración de la Habana.
260 _aSanto Domingo :
_bFeria Internacional del Libro,
_c2005
300 _a[11] p. ;
_c21 cm.
490 1 _aDocumentos
500 _aEducación y Pedagogía Contemporánea: Perspectiva Latinoamericana.
500 _aPedagogía 2005: Encuentro por la Unidad de los Educadores.
590 _aInventariado 2022 / MF
650 4 _aAlfabetización (Educación)
_977100
650 4 _912352
_aPedagogía
_xTécnicas de Enseñanza
700 2 _972755
_aCruz, María Hortensia, De la
_epresent.
830 _aPublicaciones SEDUCA
_lspa
_pSerie Documentos
_982553
910 _aMFeliz
942 _2ddc
_cLF2
999 _c52590
_d52590